Statistiques concernant Villes de Champagne-Ardennes

Cliquez ici pour prendre le quiz!

Statistiques générales

  • Ce quiz a été pris 320 fois
  • Le résultat moyen est 8 sur 20

Statistiques - réponses

Population Ville % Correct
187 181 htsReims
97%
55 481 htsCharleville-Mézières
80%
60 903 htsTroyes
77%
47 338 htsChâlons-en-Champagne
77%
20 547 htsSedan
73%
25 829 htsEpernay
64%
25 977 htsChaumont
60%
30 836 htsSaint-Dizier
50%
8 053 htsRethel
46%
9 586 htsLangres
42%
16 725 htsVitry-le-François
38%
7 370 htsGivet
30%
14 610 htsRomilly-sur-Seine
22%
10 079 htsTinqueux
18%
8 962 htsRevin
13%
14 442 htsLa Chapelle-Saint-Luc
10%
10 124 htsSainte-Savine
10%
6 425 htsSaint-Julien-les-Villas
9%
11 103 htsSaint-André-les-Vergers
7%
6 873 htsNouzonville
7%

Distribution des résultats

Percentile by Number Answered

% des personnes avec chaque résultat

Votre développement - résultats

Vous n’avez pas pris ce quiz